00483nam a22001457a 450000500170000000800410001702000280005804100130008608200130009910000270011224500850013926000570022430000300028165000260031120240118073716.0240118b |||||||| |||| 00| 0 eng d a0409003301 ; 0409003409 aEnglish  a349 JOU  aJoubert, WA lEnglish  aThe Law of South Africa : Constitutional Law to Custom and Usage / cWA Joubert  aDurban : bButterworth and Company (Pty) Ltd, c1978 bix, 613 pages ; c26 cm.  aLegal practice bLaw